000 00409nam a2200133Ia 4500
008 231129s2013||||xx |||||||||||||| ||spa||
020 _a978-958-46-2367-6
082 _aER- 592
100 _aTorres Londoño Ruby
245 0 _aRodrigo Arenas Betancourt el hombre el escultor y yo
260 _c2013
264 _aPereira: Gráficas Metropolitana 2013
942 _2ddc
_cBKS
999 _c24154
_d24154